| 000 | 00520nam a2200217 a 4500 | ||
|---|---|---|---|
| 001 | 22401 | ||
| 003 | SK-KTurca | ||
| 005 | 20260327151327.0 | ||
| 008 | 000508s1979 xo gr 000 1 slo c | ||
| 035 | _aSAVUKc066748 | ||
| 040 |
_aSAVUK _bslo _cSNK _eAACR2 |
||
| 041 | 1 | _aslo | |
| 044 |
_axo _cSK |
||
| 080 | _a885.4-3 | ||
| 100 | 1 |
_aVášová, Alta, _d1939- |
|
| 245 | 1 | 0 |
_aPo _cAlta Vášová |
| 250 | _aVyd. 1. | ||
| 260 |
_aBratislava _bSlovenský spisovateľ _c1979 |
||
| 300 | _a191 s. | ||
| 942 |
_2ddc _cKLDO _n0 |
||
| 999 |
_c22401 _d22401 |
||